Nom du pays le plus court - A-Z - Statistiques

Statistiques générales
  • Ce quiz a été pris 405 fois
  • Le résultat moyen est 18 sur 24
Statistiques - réponses
lettre pays % Correct
I 4 Inde/Irak/Iran
87%
Y 5 Yémen
84%
U 7 Ukraine/Uruguay
83%
L 4 Laos
82%
N 5 Nauru/Népal/Niger
82%
Q 5 Qatar
82%
Z 6 Zambie
82%
O 4 Oman
81%
D 8 Danemark/Djibouti
80%
G 5 Gabon/Ghana/Grèce
80%
R 6 Russie/Rwanda
80%
T 4 Togo
80%
V 7 Vanuatu/Vatican/Viêt Nam
80%
M 4 Mali
78%
S 5 Samoa/Suède/Syrie
78%
F 5 Fidji
76%
J 5 Japon
74%
C 4 Cuba
69%
B 5 Bénin
67%
P 5 Pérou
66%
H 5 Haïti
65%
K 5 Kenya
61%
A 6 Angola
49%
E 6 Égypte
41%
Aucun quiz correspondant
Distribution des résultats
% des personnes avec chaque résultat
Percentile par nombre de réponses
Votre historique - résultats
Vous n’avez pas pris ce quiz